Ajustes de resultados de ejercicios anteriores e información comparativa (Primera parte) (Registro nro. 11683)
[ vista simple ]
| 000 -LEADER | |
|---|---|
| fixed length control field | 00424 a2200133 4500 |
| 001 - CONTROL NUMBER | |
| control field | ART_7150 |
| 005 - DATE AND TIME OF LATEST TRANSACTION | |
| control field | 20260410161622.0 |
| 008 - FIXED-LENGTH DATA ELEMENTS--GENERAL INFORMATION | |
| fixed length control field | 260409a |
| 100 1# - MAIN ENTRY--PERSONAL NAME | |
| Personal name | Casal, María del Carmen |
| 245 10 - TITLE STATEMENT | |
| Title | Ajustes de resultados de ejercicios anteriores e información comparativa (Primera parte) |
| 700 1# - ADDED ENTRY--PERSONAL NAME | |
| Personal name | Rondi, Gustavo R. |
| 700 1# - ADDED ENTRY--PERSONAL NAME | |
| Personal name | Gómez, Melisa |
| 773 0# - HOST ITEM ENTRY | |
| Title | Enfoques |
| Related parts | - Nº 6 (jun. 2011) |
| Record control number | REV416 |
No hay ítems disponibles.